000 00667nam a2200277Ia 4500
003 OSt
005 20241219170110.0
008 210210b1966 xxu||||| |||| 00| 0 eng d
040 _cAL
041 _aeng
082 _a657.45 DEPP
100 _aDe PAULA (F R M)
_9191734
245 _aPrinciples of auditing Ed 13
250 _a13
260 _aLondon.
_bE L B S,
_c1966
300 _axxii,442
650 _aPrinciples
_9191735
650 _aof
_9191736
650 _aEd
_9191737
650 _aauditing
_9191738
650 _a13
_9191739
690 _aAuditing
_9191740
700 _aDE Paula (F Clive)
_9191741
906 _aSG01180
942 _2ddc
_cSG
999 _c112867
_d112867